000
00291nam a22001337a 4500
008
181024b xxu||||| |||| 00| 0 eng d
020
_a
9780312258481
041
_a
eng
080
_a
070
100
_a
27
101
_a
MED
245
_a
A Speakers Guidebook
_c
Dtewart.R
942
_2
udc
_c
BK
999
_c
50869
_d
50869